<?xml version="1.0" encoding="UTF-8"?>
<record
    xmlns:xsi="http://www.w3.org/2001/XMLSchema-instance"
    xsi:schemaLocation="http://www.loc.gov/MARC21/slim http://www.loc.gov/standards/marcxml/schema/MARC21slim.xsd"
    xmlns="http://www.loc.gov/MARC21/slim">

  <leader>01011nam a22002295i 4500</leader>
  <controlfield tag="001">160967</controlfield>
  <controlfield tag="003">ES-MaACL</controlfield>
  <controlfield tag="005">20230906212151.0</controlfield>
  <controlfield tag="008">990526s1892    sp           |||| | spa d</controlfield>
  <datafield tag="040" ind1=" " ind2=" ">
    <subfield code="a">CCPB | B </subfield>
    <subfield code="b">spa </subfield>
    <subfield code="c">CCPB | B</subfield>
  </datafield>
  <datafield tag="100" ind1="1" ind2=" ">
    <subfield code="a">Oliver y Esteller, Bienvenido.</subfield>
    <subfield code="9">130627</subfield>
  </datafield>
  <datafield tag="245" ind1="1" ind2="0">
    <subfield code="a">Derecho inmobiliario espa&#xF1;ol </subfield>
    <subfield code="b">: exposici&#xF3;n fundamental y sistem&#xE1;tica de la ley hipotecaria vigente en la Pen&#xED;nsula, islas adyacentes, Canarias, territorios de &#xC1;frica, Cuba, Puerto Rico y Filipinas : tomo primero / </subfield>
    <subfield code="c">por Bienvenido Oliver y Esteller.</subfield>
  </datafield>
  <datafield tag="260" ind1=" " ind2=" ">
    <subfield code="a">Madrid : </subfield>
    <subfield code="b">[s.n.], </subfield>
    <subfield code="c">1892 (</subfield>
    <subfield code="f">Est. Tip. &#xA8;Sucesores de Rivadeneyra&#xA8;)</subfield>
  </datafield>
  <datafield tag="300" ind1=" " ind2=" ">
    <subfield code="a">931, [2] p. ; </subfield>
    <subfield code="c">23 cm.</subfield>
  </datafield>
  <datafield tag="510" ind1="4" ind2=" ">
    <subfield code="a">Palau, </subfield>
    <subfield code="c">200748</subfield>
  </datafield>
  <datafield tag="595" ind1=" " ind2="1">
    <subfield code="a">Seg&#xFA;n Palau este tomo fue el &#xFA;nico que se public&#xF3;.</subfield>
  </datafield>
  <datafield tag="596" ind1=" " ind2=" ">
    <subfield code="a">En colof&#xF3;n consta 1896.</subfield>
  </datafield>
  <datafield tag="650" ind1=" " ind2="4">
    <subfield code="a">Propiedad inmobiliaria-</subfield>
    <subfield code="x">Legislaci&#xF3;n-</subfield>
    <subfield code="z">Espa&#xF1;a-</subfield>
    <subfield code="y">S. \RXIX\R.</subfield>
    <subfield code="9">234139</subfield>
  </datafield>
  <datafield tag="752" ind1=" " ind2=" ">
    <subfield code="a">Espa&#xF1;a - </subfield>
    <subfield code="d">Madrid</subfield>
  </datafield>
  <datafield tag="852" ind1=" " ind2=" ">
    <subfield code="a">ES-MaACL</subfield>
    <subfield code="j">B-5451 </subfield>
    <subfield code="z">-- Enc. pasta</subfield>
  </datafield>
  <datafield tag="999" ind1=" " ind2=" ">
    <subfield code="c">160967</subfield>
    <subfield code="d">160967</subfield>
  </datafield>
  <datafield tag="952" ind1=" " ind2=" ">
    <subfield code="0">0</subfield>
    <subfield code="1">0</subfield>
    <subfield code="4">0</subfield>
    <subfield code="7">0</subfield>
    <subfield code="8">LIBXIX</subfield>
    <subfield code="a">ATENEOM</subfield>
    <subfield code="b">ATENEOM</subfield>
    <subfield code="c">SPB</subfield>
    <subfield code="d">2008-01-17</subfield>
    <subfield code="e">SSC</subfield>
    <subfield code="l">0</subfield>
    <subfield code="o">B-5451</subfield>
    <subfield code="p">1168578</subfield>
    <subfield code="r">2023-02-23 00:00:00</subfield>
    <subfield code="w">2023-02-23</subfield>
    <subfield code="y">MONANT</subfield>
  </datafield>
</record>
